000 00841nam a2200205Ii 4500
003 JO-AjNU
008 230605s9999||||xx |||||||||||||| ||und||
040 _aJO-AjNU
_bara
_erda
_cJO-AjNU
041 _aara
050 1 4 _aD16 2018
100 3 _aالجبوري، حسين محمد جواد /م.مشارك الجنابي، قيس حاتم هاني,
_eauthor
_957985
245 0 0 _aمنهجية البحث التاريخي: الأسس والمفاهيم والأساليب العلمية
250 _aط2
264 3 1 _aعمان: دار صفاء للطباعة والنشر والتوزيع، مؤسسة دار الصادق الثقافية، 2018
300 _a200ص
336 _atext
_btxt
_2rdacontent
337 _aunmediated
_bn
_2rdamedia
338 _avolume
_bnc
_2rdacarrier
650 4 _aالتاريخ - طرق البحث
_957986
999 _aA26016
_c29584
_d29584